000 00700nam a2200217Ia 4500
005 20260601193252.0
008 260601s9999||||xx |||||||||||||| ||und||
020 _a978-3-031-67162-3
_qebk
100 _aFeifei Gao
245 0 _aCommunications and Networking
250 _a2024
260 _aHeidelberg, Germany
_bSpringer Nature
_c2024
440 _aLecture Notes of the Institute for Computer Sciences, Social Informatics and Telecommunications Engineering
650 _aComputer Science
700 _aHonghao Gao
700 _aJun Wu
700 _aShangguang Wang
700 _aYun Li
856 _uhttps://link.springer.com/openurl?genre=book&isbn=978-3-031-67162-3
942 _cEB
_2ddc
999 _c56754
_d56754